| 000 | 00759nam a2200241 a 4500 | ||
|---|---|---|---|
| 999 |
_c11133 _d11133 |
||
| 001 | 11133 | ||
| 003 | BD-JhCC | ||
| 005 | 20200205134008.0 | ||
| 008 | 190601s 2018bg a|||| |||| 000 0 ben d | ||
| 020 | _a9789849318828 | ||
| 035 | _a(BD-JhCC)11133 | ||
| 040 |
_aBD-JhCC _dBD-JhCC |
||
| 041 | _aben | ||
| 082 |
_a510 _bQUA 2018 |
||
| 100 | _aকাইয়ুম, আব্দুল | ||
| 245 |
_aগণিতের ধাঁধা / _cআব্দুল কাইয়ুম |
||
| 260 |
_aঢাকা : _bপ্রথমা, _c২০১৮ |
||
| 300 |
_a১১০ পৃ. : _c২২ সেমি. |
||
| 504 | _aগ্রন্থপঞ্জি অর্ন্তভূক্ত। | ||
| 650 | _aMathematics | ||
| 942 |
_2ddc _cBK _06 |
||